<?xml version="1.0" encoding="UTF-8"?>
<record
    xmlns:xsi="http://www.w3.org/2001/XMLSchema-instance"
    xsi:schemaLocation="http://www.loc.gov/MARC21/slim http://www.loc.gov/standards/marcxml/schema/MARC21slim.xsd"
    xmlns="http://www.loc.gov/MARC21/slim">

  <leader>00822nam a2200193 a 4500</leader>
  <datafield tag="999" ind1=" " ind2=" ">
    <subfield code="c">7628</subfield>
    <subfield code="d">7628</subfield>
  </datafield>
  <controlfield tag="003">OSt</controlfield>
  <controlfield tag="005">20260515062531.0</controlfield>
  <controlfield tag="008">020909s2002    spcado ||    o000 ||cat  </controlfield>
  <datafield tag="040" ind1=" " ind2=" ">
    <subfield code="a">CDMR</subfield>
    <subfield code="b">cat</subfield>
    <subfield code="c">0</subfield>
  </datafield>
  <datafield tag="100" ind1=" " ind2=" ">
    <subfield code="9">4816</subfield>
    <subfield code="a">Encinas, Pepe</subfield>
  </datafield>
  <datafield tag="245" ind1="0" ind2="0">
    <subfield code="a">Sumari Xavier Vinader [Recurs electr&#xF2;nic] /</subfield>
    <subfield code="c">Fotos: Pepe Encinas</subfield>
  </datafield>
  <datafield tag="260" ind1=" " ind2=" ">
    <subfield code="a">[S.l. :</subfield>
    <subfield code="b">s.n.,</subfield>
    <subfield code="c">200-?]</subfield>
  </datafield>
  <datafield tag="300" ind1=" " ind2=" ">
    <subfield code="a">1 disc &#xF2;ptic : </subfield>
    <subfield code="b">53 fotos; </subfield>
    <subfield code="c">12 cm</subfield>
  </datafield>
  <datafield tag="505" ind1=" " ind2=" ">
    <subfield code="a">Cont&#xE9; fotografies del sumari del judici militar a Xavier Vinader el 1977 a causa de la seva entrevista a Oriol Arnau, l&#x2019;advocat defensor de Salvador Puig Antich, publicada a la revista Arreu. Finalment es decret&#xE0; el sobrese&#xEF;ment de la causa.</subfield>
  </datafield>
  <datafield tag="600" ind1="1" ind2="0">
    <subfield code="a">Vinader i S&#xE1;nchez, Xavier</subfield>
    <subfield code="9">2970</subfield>
  </datafield>
  <datafield tag="630" ind1=" " ind2="0">
    <subfield code="9">4817</subfield>
    <subfield code="a">Arreu (Revista)</subfield>
  </datafield>
  <datafield tag="650" ind1=" " ind2="0">
    <subfield code="9">4150</subfield>
    <subfield code="a">Llibertat d'impremta</subfield>
    <subfield code="z">Espanya</subfield>
    <subfield code="y">1977</subfield>
  </datafield>
  <datafield tag="942" ind1=" " ind2=" ">
    <subfield code="2">udc</subfield>
    <subfield code="c">ADV</subfield>
  </datafield>
  <datafield tag="952" ind1=" " ind2=" ">
    <subfield code="0">0</subfield>
    <subfield code="1">0</subfield>
    <subfield code="4">0</subfield>
    <subfield code="7">0</subfield>
    <subfield code="a">CDMR</subfield>
    <subfield code="b">CDMR</subfield>
    <subfield code="d">2021-12-28</subfield>
    <subfield code="e">Donaci&#xF3;</subfield>
    <subfield code="l">0</subfield>
    <subfield code="o">Capsa CD's 2</subfield>
    <subfield code="p">CDMR21120159</subfield>
    <subfield code="r">2021-12-28</subfield>
    <subfield code="w">2021-12-28</subfield>
    <subfield code="y">ADV</subfield>
  </datafield>
</record>
